000 00534nam a2200181Ia 4500
005 20250508161712.0
008 008 250505s9999 xx 000 0 eng d
037 _aTextual
040 _aFEDL
_beng
_cFEDL
041 _aeng
_2eng
084 _a320.4, KES
_qFEDL
100 _aKessel John H.
_9318144
245 0 _aMicropolitics : Individual and group level concepts
260 _aNew York, USA
_bHolt, Rinehart and Winston
_c1970
300 _axii,643p.
942 _cTEXL
_h320.4, KES
999 _c1371632
_d1371632